Personnalités francophones par initiales - D - Statistiques

Statistiques générales
  • Ce quiz a été pris 128 fois
  • Le résultat moyen est 10 sur 20
Statistiques - réponses
Indice Réponse % Correct
DB Interprète de L'Aziza et de Mon fils ma bataille Daniel Balavoine
95%
DG DJ et artiste français le plus écouté au monde David Guetta
92%
DI Il aurait mis sa culotte à l'envers Dagobert Ier
84%
DH Chanteur, son père était l'idole des jeunes David Hallyday
84%
DD Penseur des Lumières qui a écrit l'Encyclopédie Denis Diderot
84%
DA Acteur dans Les Sous-doués et Jean de Florette Daniel Auteuil
75%
DR Bactériologiste très médiatisé pendant la crise de la Covid-19 Didier Raoult
75%
DM Résistante et femme du quatrième président de la Ve République Danielle Mitterrand
56%
DP Journaliste qui a présenté le plus longtemps le journal de 20h sur France 2 David Pujadas
55%
DV Premier ministre de Jacques Chirac, de 2007 à 2009 Dominique de Villepin
55%
DT Chanteuse québécoise qui a interprété Si j'étais un homme Diane Tell
51%
DW Animatrice de télévision et Miss France 2012 Delphine Wespiser
40%
DL Membre de la troupe du Splendid, elle a joué dans Les Bronzés Dominique Lavanant
40%
DS DJ qui a sorti l'album Carte Blanche en 2019 DJ Snake
36%
DO Députée et porte-parole de LFI d'origine gabonaise Danièle Obono
33%
DE Elle a joué dans la série Marie Pervenche Danièle Évenou
31%
DC Réalisateur franco-américain de La La Land et de Whiplash Damien Chazelle
26%
DF Auteur, il a remporté le prix Renaudot pour son roman Charlotte David Foenkinos
13%
DZ Acteur et mannequin, il a joué dans Les Misérables Djebril Zonga
3%
DJ Journaliste et homme politique, il a grandement participé à la création de la BNF Dominique Jamet
3%
Aucun quiz correspondant
Distribution des résultats
% des personnes avec chaque résultat
Percentile par nombre de réponses
Votre historique - résultats
Vous n’avez pas pris ce quiz